| 000 | 00447nam a22001217a 4500 | ||
|---|---|---|---|
| 082 | _a200 THE | ||
| 100 |
_aADEEL EJAZ _915645 |
||
| 245 | _aTH-SOF-1356-Fingerprint Matching Using Relaxation Local Greedy Search & Automated Detection of | ||
| 260 |
_aIslamabad _bNUST College of EME _c2017 |
||
| 650 |
_aMS-COMPUTER ENGINEERING-77 MSTHESIS _969779 |
||
| 700 |
_aSupervisor Dr. Muhammad Usman Akram Co. Supervisor Dr. Farhan Riaz _969960 |
||
| 942 | _cCF | ||
| 999 |
_c577030 _d577030 |
||